[Event "Bremen-ch"]
[Site "Bremen"]
[Date "2019.04.19"]
[Round "8.27"]
[White "Wolf, Mattis"]
[Black "Burblies, Andreas"]
[Result "1/2-1/2"]
[WhiteElo "1210"]
[BlackElo "1421"]
[PlyCount "101"]
[EventDate "2019.04.13"]
[EventType "swiss"]
[EventRounds "9"]
[EventCountry "GER"]
[SourceTitle "EXT 2020"]
[Source "ChessBase"]
[SourceDate "2019.10.17"]
[SourceVersion "1"]
[SourceVersionDate "2019.10.17"]
[SourceQuality "1"]

1. d4 d5 2. c4 c6 3. Nc3 Nf6 4. b3 e6 5. e3 Bb4 6. Bb2 Ne4 7. Qc2 0-0 8. Bd3 Bxc3+ 9. Bxc3 Nxc3 10. Qxc3 Nd7 11. Nf3 Nf6 12. Qc2 Qa5+ 13. Kf1 h6 14. c5 Qc7 15. h4 Nd7 16. g4 e5 17. dxe5 Nxe5 18. Nxe5 Qxe5 19. Qd1 Bxg4 20. Be2 Bxe2+ 21. Kxe2 Qh5+ 22. Kd2 Qxd1+ 23. Raxd1 f5 24. f4 Rad8 25. Kc3 Rfe8 26. Rh3 Re4 27. Rg3 Rde8 28. Rd3 Kf7 29. h5 R8e6 30. a3 g6 31. hxg6+ Rxg6 32. Rh3 Kg7 33. Rd1 a6 34. Kd3 a5 35. Rdh1 d4 36. exd4 Rxf4 37. Re1 Kf6 38. Reh1 Rfg4 39. Rxh6 Rg3+ 40. Kc4 f4 41. Rxg6+ Rxg6 42. Rf1 Kf5 43. d5 cxd5+ 44. Kxd5 Rg3 45. Rb1 Rd3+ 46. Kc4 Re3 47. b4 axb4 48. axb4 f3 49. b5 f2 50. Rf1 Re2 51. c6 1/2-1/2

[Event "Bremen-ch"]
[Site "Bremen"]
[Date "2019.04.15"]
[Round "4.26"]
[White "Burblies, Andreas"]
[Black "Bruehl, Rainer"]
[Result "1-0"]
[WhiteElo "1421"]
[BlackElo "1092"]
[PlyCount "95"]
[EventDate "2019.04.13"]
[EventType "swiss"]
[EventRounds "9"]
[EventCountry "GER"]
[SourceTitle "EXT 2020"]
[Source "ChessBase"]
[SourceDate "2019.10.17"]
[SourceVersion "1"]
[SourceVersionDate "2019.10.17"]
[SourceQuality "1"]

1. d4 d5 2. c4 e5 3. dxe5 d4 4. Qd3 Nc6 5. Nf3 Bc5 6. a3 h6 7. b4 Be7 8. Bb2 f6 9. exf6 Bxf6 10. Qg6+ Kf8 11. Qd3 Nge7 12. e4 Ng6 13. Nbd2 Nf4 14. Qb3 d3 15. g3 Bxb2 16. Qxb2 Ne2 17. Bxe2 dxe2 18. Kxe2 Bg4 19. Kf1 Qd3+ 20. Kg2 Bxf3+ 21. Nxf3 Qxe4 22. Rhe1 Qxc4 23. Rad1 Rd8 24. Rxd8+ Nxd8 25. Qe5 Qf7 26. Qc5+ Kg8 27. Re7 Ne6 28. Rxf7 Nxc5 29. Rxc7 Nb3 30. Rxb7 Kh7 31. Rxa7 Nc1 32. b5 Nb3 33. a4 Rb8 34. Ne5 Nc5 35. Nd7 Rb7 36. Rxb7 Nxb7 37. Kf3 Kg6 38. Ke4 Kf7 39. Kd5 Ke7 40. Nc5 Na5 41. f4 Kd8 42. Ne6+ Ke7 43. Nxg7 Kf6 44. Ne6 Nb7 45. Nc5 Nd8 46. b6 h5 47. b7 Nxb7 48. Nxb7 1-0

[Event "Bremen-ch"]
[Site "Bremen"]
[Date "2019.04.13"]
[Round "1.9"]
[White "Burblies, Andreas"]
[Black "Erofeev, Anastasia"]
[Result "0-1"]
[WhiteElo "1421"]
[BlackElo "1999"]
[PlyCount "48"]
[EventDate "2019.04.13"]
[EventType "swiss"]
[EventRounds "9"]
[EventCountry "GER"]
[SourceTitle "EXT 2020"]
[Source "ChessBase"]
[SourceDate "2019.10.17"]
[SourceVersion "1"]
[SourceVersionDate "2019.10.17"]
[SourceQuality "1"]

1. d4 d5 2. c4 dxc4 3. e3 e6 4. Bxc4 Nf6 5. Nc3 a6 6. a3 c5 7. dxc5 Qxd1+ 8. Nxd1 Bxc5 9. b4 Bd6 10. Bb2 Nbd7 11. Nf3 b5 12. Be2 Bb7 13. 0-0 0-0 14. Nc3 Nb6 15. Rfd1 Rfd8 16. Nd2 Rac8 17. Rac1 Be5 18. Ba1 Kf8 19. f4 Bb8 20. Bf3 Bxf3 21. Nxf3 Nc4 22. Kf2 Ng4+ 23. Ke2 Ngxe3 24. Kf2 Nxd1+ 0-1

[Event "Bremen-ch op"]
[Site "Bremen"]
[Date "2018.03.30"]
[Round "8"]
[White "Gebur, Thomas"]
[Black "Burblies, Andreas"]
[Result "1-0"]
[WhiteElo "1889"]
[BlackElo "1626"]
[PlyCount "61"]
[EventDate "2018.03.24"]
[EventType "swiss"]
[EventRounds "9"]
[EventCountry "GER"]
[SourceTitle "EXT 2019"]
[Source "ChessBase"]
[SourceDate "2018.10.10"]
[SourceVersion "1"]
[SourceVersionDate "2018.10.10"]
[SourceQuality "1"]

1. e4 c6 2. d4 d5 3. e5 Bf5 4. Nf3 e6 5. Be2 c5 6. Be3 Qb6 7. Nc3 c4 8. Na4 Qa5+ 9. Nc3 b5 10. a3 Nc6 11. 0-0 a6 12. Qd2 Qb6 13. b3 cxb3 14. cxb3 Na5 15. Qa2 Nb7 16. Rac1 Ne7 17. h3 h6 18. Nh4 Bh7 19. f4 Nf5 20. Nxf5 Bxf5 21. g4 Bh7 22. f5 Rd8 23. b4 exf5 24. Nxd5 Qg6 25. Nc7+ Kd7 26. Rxf5 Ke7 27. d5 Nd6 28. exd6+ Kd7 29. Qc2 Qxd6 30. Rxf7+ Be7 31. Qc6+ 1-0

[Event "Bremen-ch op"]
[Site "Bremen"]
[Date "2018.03.25"]
[Round "3"]
[White "Burblies, Andreas"]
[Black "Schwenteck, Peter"]
[Result "0-1"]
[WhiteElo "1626"]
[BlackElo "1836"]
[PlyCount "74"]
[EventDate "2018.03.24"]
[EventType "swiss"]
[EventRounds "9"]
[EventCountry "GER"]
[SourceTitle "EXT 2019"]
[Source "ChessBase"]
[SourceDate "2018.10.10"]
[SourceVersion "1"]
[SourceVersionDate "2018.10.10"]
[SourceQuality "1"]

1. d4 d5 2. c4 c6 3. e3 Nf6 4. Nc3 Nbd7 5. Nf3 e6 6. cxd5 exd5 7. Bd3 Bd6 8. 0-0 0-0 9. Qc2 h6 10. b3 Re8 11. Bb2 Nf8 12. h3 Be6 13. Rfe1 Qd7 14. Bf1 Bf5 15. Qd2 Bb4 16. a3 Ne4 17. Qc1 Ba5 18. b4 Bc7 19. Rd1 Ng6 20. h4 Qd6 21. Nxe4 Bxe4 22. Ne5 Nxh4 23. Qc5 Qf6 24. f4 Bxe5 25. dxe5 Qg6 26. Kf2 Bxg2 27. Be2 Nf5 28. Ke1 Be4 29. Kd2 b6 30. Qc3 Qe6 31. Rg1 Rac8 32. Bg4 c5 33. b5 d4 34. Qc1 dxe3+ 35. Ke2 Rcd8 36. Bxf5 Bxf5 37. Qxe3 Qc4+ 0-1

[Event "Bremen-ch op"]
[Site "Bremen"]
[Date "2018.03.24"]
[Round "1"]
[White "Burblies, Andreas"]
[Black "Wiechmann, Gerd"]
[Result "0-1"]
[WhiteElo "1626"]
[BlackElo "1991"]
[PlyCount "90"]
[EventDate "2018.03.24"]
[EventType "swiss"]
[EventRounds "9"]
[EventCountry "GER"]
[SourceTitle "EXT 2019"]
[Source "ChessBase"]
[SourceDate "2018.10.10"]
[SourceVersion "1"]
[SourceVersionDate "2018.10.10"]
[SourceQuality "1"]

1. d4 Nf6 2. c4 g6 3. Nf3 Bg7 4. Nc3 0-0 5. Bf4 d6 6. e3 Nbd7 7. Be2 c6 8. 0-0 Nh5 9. Bg3 Nxg3 10. hxg3 Qc7 11. Rc1 a6 12. b4 Nf6 13. Bd3 Bg4 14. Qc2 Rfe8 15. Nh2 Bd7 16. Rfe1 Rac8 17. Qd2 e5 18. dxe5 dxe5 19. e4 Rcd8 20. Qe2 a5 21. a3 b6 22. b5 Bf8 23. a4 Be6 24. bxc6 Qxc6 25. Nd5 Nd7 26. Qc2 Bc5 27. Nf3 Kg7 28. Kf1 Bg4 29. Nh2 Be6 30. Nf3 f6 31. Ke2 Bg4 32. Rh1 Bb4 33. Rh4 h5 34. Nxb4 axb4 35. Rhh1 Nc5 36. Rhd1 Re7 37. Kf1 Red7 38. Be2 Bxf3 39. gxf3 b3 40. Qb2 Qxa4 41. Rxd7+ Rxd7 42. Rd1 Rxd1+ 43. Bxd1 Qxc4+ 44. Kg1 Qd4 45. Qb1 Qc3 0-1

[Event "Bremen-ch op"]
[Site "Bremen"]
[Date "2015.03.29"]
[Round "3"]
[White "Burblies, Andreas"]
[Black "Boehm, Karl1111"]
[Result "0-1"]
[WhiteElo "1604"]
[BlackElo "1859"]
[PlyCount "84"]
[EventDate "2015.03.28"]
[EventType "swiss"]
[EventRounds "9"]
[EventCountry "GER"]
[SourceTitle "EXT 2018"]
[Source "ChessBase"]
[SourceDate "2017.10.13"]
[SourceVersion "1"]
[SourceVersionDate "2017.10.13"]
[SourceQuality "1"]

1. d4 d5 2. c4 e6 3. Nc3 Nf6 4. Nf3 Be7 5. Bg5 Nbd7 6. e3 a6 7. Bd3 dxc4 8. Bxc4 b5 9. Bd3 Bb7 10. 0-0 Rc8 11. a3 c5 12. dxc5 Nxc5 13. Be2 0-0 14. Rc1 Nfe4 15. Qxd8 Bxd8 16. Bf4 Bf6 17. Nxe4 Nxe4 18. Be5 Bxe5 19. Nxe5 Nf6 20. Bf3 Bxf3 21. Nxf3 Nd5 22. e4 Nf4 23. Kh1 Nd3 24. Rxc8 Rxc8 25. b4 Kf8 26. Kg1 Rc3 27. Nd4 Rxa3 28. Nc6 Rb3 29. Rd1 g5 30. Kf1 Nxb4 31. Rd8+ Kg7 32. Ne5 Kf6 33. Ng4+ Ke7 34. Rh8 a5 35. Rxh7 a4 36. Ne5 a3 37. Nxf7 a2 38. Nxg5+ Kf6 39. e5+ Kxg5 40. h4+ Kf5 41. Rh5+ Ke4 42. f3+ Ke3 0-1

[Event "Bremen-ch op"]
[Site "Bremen"]
[Date "2015.03.29"]
[Round "2"]
[White "Maul, Maik Joel"]
[Black "Burblies, Andreas"]
[Result "0-1"]
[WhiteElo "1000"]
[BlackElo "1604"]
[PlyCount "68"]
[EventDate "2015.03.28"]
[EventType "swiss"]
[EventRounds "9"]
[EventCountry "GER"]
[SourceTitle "EXT 2018"]
[Source "ChessBase"]
[SourceDate "2017.10.13"]
[SourceVersion "1"]
[SourceVersionDate "2017.10.13"]
[SourceQuality "1"]

1. e4 c6 2. Bc4 d5 3. exd5 cxd5 4. Bb5+ Nc6 5. Nf3 Bd7 6. Bxc6 Bxc6 7. Ne5 Qc7 8. Nf3 e5 9. d4 e4 10. Ne5 Nf6 11. Bg5 Be7 12. Nxc6 Qxc6 13. Bxf6 Bxf6 14. Nc3 0-0 15. Qd2 Rad8 16. 0-0-0 h6 17. g3 Bg5 18. f4 exf3 19. Qxg5 hxg5 20. Rhf1 g4 21. h3 f5 22. h4 Rfe8 23. h5 Qh6+ 24. Rd2 b5 25. a3 a5 26. Nxb5 Re2 27. Rfd1 Rxd2 28. Rxd2 f2 29. Nc3 f1Q+ 30. Nd1 Re8 31. Kb1 Qxd2 32. Ka2 Qfxd1 33. a4 Q1xc2 34. h6 Qxb2# 0-1

[Event "Bremen-ch op"]
[Site "Delmenhorst"]
[Date "2011.04.23"]
[Round "3"]
[White "Burblies, Andreas"]
[Black "Grelle, Joseph"]
[Result "1-0"]
[WhiteElo "1621"]
[BlackElo "1091"]
[PlyCount "59"]
[EventDate "2011.04.16"]
[EventType "swiss"]
[EventRounds "9"]
[EventCountry "GER"]
[SourceTitle "EXT 2012"]
[Source "ChessBase"]
[SourceDate "2011.11.24"]
[SourceVersion "1"]
[SourceVersionDate "2011.11.24"]
[SourceQuality "1"]

1. d4 d5 2. c4 e6 3. Nf3 c5 4. dxc5 Bxc5 5. e3 Nf6 6. Nc3 0-0 7. cxd5 exd5 8. Be2 Nc6 9. 0-0 a6 10. a3 b5 11. b4 Ba7 12. Qc2 Re8 13. Rd1 Qc7 14. Nxd5 Nxd5 15. Rxd5 Bb7 16. Rd2 Qe7 17. Bb2 Rad8 18. Qc3 f6 19. Rad1 Rxd2 20. Rxd2 Kh8 21. Qc2 Ne5 22. Nxe5 fxe5 23. Qd1 Bc6 24. Bf3 Qb7 25. Bxc6 Qxc6 26. Rd6 Qc8 27. Rd5 Bb8 28. e4 Qc4 29. f3 Qb3 30. Qxb3 1-0

[Event "Bremen-ch op"]
[Site "Delmenhorst"]
[Date "2011.04.16"]
[Round "1"]
[White "Burblies, Andreas"]
[Black "Stuerken, Andree"]
[Result "0-1"]
[WhiteElo "1621"]
[BlackElo "1888"]
[PlyCount "83"]
[EventDate "2011.04.16"]
[EventType "swiss"]
[EventRounds "9"]
[EventCountry "GER"]
[SourceTitle "EXT 2012"]
[Source "ChessBase"]
[SourceDate "2011.11.24"]
[SourceVersion "1"]
[SourceVersionDate "2011.11.24"]
[SourceQuality "1"]

1. d4 e6 2. c4 Nf6 3. Nf3 d5 4. e3 c6 5. Nc3 Bd6 6. cxd5 exd5 7. Bd3 0-0 8. 0-0 Bg4 9. h3 Bh5 10. Be2 Nbd7 11. a4 Re8 12. Re1 Bb4 13. Bd2 a5 14. Na2 Bd6 15. Nc3 Qb6 16. Qc2 Bg6 17. Bd3 Ne4 18. Nh4 Ndf6 19. Nxg6 hxg6 20. Nxe4 dxe4 21. Bc4 Nd5 22. Bxd5 cxd5 23. Bc3 f5 24. f4 exf3 25. gxf3 Qd8 26. Qg2 Qf6 27. f4 Re4 28. Re2 Kf7 29. Rf1 b6 30. Rf3 Rae8 31. Rg3 Bxf4 32. exf4 Rxe2 33. Qxd5+ Qe6 34. Qxe6+ R8xe6 35. d5 R6e3 36. Rxe3 Rxe3 37. Be5 Re4 38. h4 Rxa4 39. Kf2 Re4 40. Kf3 b5 41. d6 Ke6 42. Bxg7 0-1